00707cam a2200217 a 450000100100000000500170001000800410002702000150006804000180008308200160010110000470011724500720016426000320023630000280026849000290029650400560032565000240038165000260040570000270043183000310045800000553120200929151713.0940307s1993 sp a b 000 0 spa  a843760947X aDO-SdBNPcDLC a861.3bJ41p1 aJáuregui y Aguilar, Juan de,d1583-1641.10aPoesía /cJuan de Jáuregui ; edición de Juan Matas Caballero. aMadrid :bCátedra,c1993. a613 p. :bil. ;c18 cm.1 aLetras hispánicasv362 aIncluye referencias bibliográficas : p (121-130). 4aPoesía española 4aLiteratura española1 aMatas Caballero, Juan. 0aLetras hispánicas ;v362